Catálogo geral 2005: Banco de partituras de música Brasileira
Saved in:
| Corporate Author: | |
|---|---|
| Format: | Book |
| Language: | Portuguese |
| Published: |
Río de Janeiro
Academia Brasileira de Música
2005
|
| Subjects: | |
| Tags: |
Add Tag
No Tags, Be the first to tag this record!
|
MARC
| LEADER | 00000nam a2200000 a 4500 | ||
|---|---|---|---|
| 001 | UCI6556 | ||
| 003 | CL-VaPUC | ||
| 005 | 20241025115737.0 | ||
| 008 | 080509e20050000BL |||||||||||||||||por|d | ||
| 999 | |c 330021 |d 330019 | ||
| 020 | |a 8488272024 | ||
| 040 | |c Pontificia Universidad Católica de Valparaíso | ||
| 082 | 0 | 4 | |a 780.81 |b ACA |2 21 |
| 110 | 2 | |a Academia Brasileira de Música |e author |9 529454 | |
| 245 | 1 | 0 | |a Catálogo geral 2005: Banco de partituras de música Brasileira |
| 260 | |a Río de Janeiro |b Academia Brasileira de Música |c 2005 | ||
| 300 | |a v | ||
| 500 | |a v.1: Orquestra | ||
| 583 | |a last modification |c 20080509 00:00:00 |k Rodrigo Vera | ||
| 650 | 0 | |a Compositores brasileños |2 CL-VaPUC |9 456840 | |
| 650 | 0 | |a Música brasileña |2 CL-VaPUC |9 459319 | |
| 650 | 0 | |a Catálogos |9 256258 | |
| 942 | |c BK |2 ddc | ||
| 945 | |d 20080509 00:00:00 |a jtorresc | ||
| 952 | |0 0 |1 0 |4 0 |6 780_810000000000000_ACA_2005 |7 0 |8 ? |9 415294 |a BIBEDU |b BIBEDU |d 2019-11-22 |h v.1 |i 4352386 |o 780.81 ACA 2005 |p 4352386 |r 2023-01-12 |w 2019-11-22 |y BK |k MUS | ||